000 00902nam a2200205 i 4500
001 183946
003 ES-MaACL
005 20251108165001.0
008 141222s1829 fr |||| | fre d
100 1 _aTolstoy, Jakob Nikolaevitch Tolstoï.
_9156068
245 1 0 _aObservations sur la dernière campagne de Turquie.
260 _aParis :
_b[s.n.],
_c1829 (
_fImp. de Goetschy)
300 _a42 p. ;
_c20 cm.
594 _aFirmado: "Un Officier d'État-Major russe" (p. 39)
594 _aAtribubido a Jacques Tolstoy, según Barbier. Atribuido igualmente al general A.H. de Jomini.
650 4 _aGuerra ruso-turca, 1828-1829.
_9156070
700 1 _aJomini, Antoine Henri de,
_d1779-1869
_9156069
852 4 _aES-MaACL
_jT-15-F-2
_z- Enc. en un vol. facticio, falto de cub. original
_z- Donat. Ángel Calderón de la Barca (Actas del Ateneo, junta 9 de abril de 1844)
999 _c183946
_d183946